[Event "French Blitz Championship"]
[Site "portmarly2022.ffechecs.org"]
[Date "2022.05.28"]
[Round "8"]
[White "Karagyozian, Edgar"]
[Black "Vlachos, Anatole"]
[Result "0-1"]
[Board "7"]
[WhiteElo "2199"]
[WhiteTitle "CM"]
[WhiteCountry "FRA"]
[WhiteFideId "13303341"]
[WhiteEloChange "-6"]
[BlackElo "2361"]
[BlackTitle "IM"]
[BlackCountry "GRE"]
[BlackFideId "26093189"]
[BlackEloChange "6"]

1. d4 {[%clk 0:05:03]} d5 {[%clk 0:05:03]} 2. Nf3 {[%clk 0:05:07]} e6 {[%clk
0:05:08]} 3. Nbd2 {[%clk 0:05:08]} Nf6 {[%clk 0:05:10]} 4. e3 {[%clk 0:05:10]} c5
{[%clk 0:05:12]} 5. c3 {[%clk 0:05:12]} Nc6 {[%clk 0:05:15]} 6. Bd3 {[%clk
0:05:14]} Qc7 {[%clk 0:05:09]} 7. Qe2 {[%clk 0:05:10]} Be7 {[%clk 0:05:05]} 8.
O-O {[%clk 0:05:11]} O-O {[%clk 0:05:05]} 9. dxc5 {[%clk 0:05:12]} Bxc5 {[%clk
0:05:03]} 10. e4 {[%clk 0:05:12]} dxe4 {[%clk 0:04:55]} 11. Nxe4 {[%clk 0:05:12]}
Be7 {[%clk 0:04:55]} 12. Nxf6+ {[%clk 0:04:44]} Bxf6 {[%clk 0:04:53]} 13. Qe4
{[%clk 0:04:44]} g6 {[%clk 0:04:53]} 14. Bh6 {[%clk 0:04:44]} Rd8 {[%clk
0:04:53]} 15. Rad1 {[%clk 0:03:47]} e5 {[%clk 0:04:53]} 16. Qe3 {[%clk 0:03:47]}
Be6 {[%clk 0:04:53]} 17. Bb1 {[%clk 0:03:47]} Rxd1 {[%clk 0:03:41]} 18. Rxd1
{[%clk 0:03:34]} Rd8 {[%clk 0:03:41]} 19. Rd2 {[%clk 0:03:34]} Qe7 {[%clk
0:02:55]} 20. h3 {[%clk 0:03:22]} Bd5 {[%clk 0:02:40]} 21. Be4 {[%clk 0:02:50]}
Bxe4 {[%clk 0:01:52]} 22. Qxe4 {[%clk 0:02:50]} Qe6 {[%clk 0:01:48]} 23. Rxd8+
{[%clk 0:02:40]} Bxd8 {[%clk 0:01:50]} 24. b3 {[%clk 0:02:34]} f5 {[%clk
0:01:34]} 25. Qe3 {[%clk 0:02:04]} Bb6 {[%clk 0:01:30]} 26. Qd2 {[%clk 0:01:55]}
Bc7 {[%clk 0:00:58]} 27. Ng5 {[%clk 0:01:33]} Qd6 {[%clk 0:01:00]} 28. Qe2 {[%clk
0:00:50]} Qd5 {[%clk 0:01:02]} 29. Nf3 {[%clk 0:00:45]} e4 {[%clk 0:01:01]} 30.
Ng5 {[%clk 0:00:35]} Ne5 {[%clk 0:00:46]} 31. g3 {[%clk 0:00:20]} Bd8 {[%clk
0:00:29]} 32. Qe3 {[%clk 0:00:11]} Bb6 {[%clk 0:00:21]} 33. Qe2 {[%clk 0:00:08]}
Qd3 {[%clk 0:00:22]} 34. Qxd3 {[%clk 0:00:06]} Nxd3 {[%clk 0:00:23]} 35. Kf1
{[%clk 0:00:06]} Nxf2 {[%clk 0:00:20]} 36. h4 {[%clk 0:00:07]} Nd3 {[%clk
0:00:19]} 37. Ne6 {[%clk 0:00:07]} Ne5 {[%clk 0:00:13]} 38. Bf4 {[%clk 0:00:07]}
Nf3 {[%clk 0:00:10]} 39. Ke2 {[%clk 0:00:14]} Kf7 {[%clk 0:00:11]} 40. Ng5+
{[%clk 0:00:14]} Nxg5 {[%clk 0:00:13]} 41. hxg5 {[%clk 0:00:17]} Ke6 {[%clk
0:00:13]} 42. c4 {[%clk 0:00:19]} Bd4 {[%clk 0:00:11]} 43. a3 {[%clk 0:00:22]}
Bb2 {[%clk 0:00:10]} 44. a4 {[%clk 0:00:23]} Bc3 {[%clk 0:00:12]} 45. Ke3 {[%clk
0:00:25]} Kd7 {[%clk 0:00:09]} 46. Ke2 {[%clk 0:00:26]} Kc6 {[%clk 0:00:09]} 47.
Be3 {[%clk 0:00:26]} a6 {[%clk 0:00:13]} 48. Kd1 {[%clk 0:00:31]} Be5 {[%clk
0:00:10]} 49. Bf2 {[%clk 0:00:32]} f4 {[%clk 0:00:11]} 50. gxf4 {[%clk 0:00:32]}
Bxf4 {[%clk 0:00:11]} 51. Bh4 {[%clk 0:00:32]} Kc5 {[%clk 0:00:12]} 52. Kc2
{[%clk 0:00:36]} e3 {[%clk 0:00:13]} 53. Kd3 {[%clk 0:00:39]} Kb4 {[%clk
0:00:15]} 54. c5 {[%clk 0:00:39]} Kxb3 {[%clk 0:00:12]} 55. a5 {[%clk 0:00:42]}
Kb4 {[%clk 0:00:13]} 56. Ke4 {[%clk 0:00:43]} Bc7 {[%clk 0:00:13]} 57. Kxe3
{[%clk 0:00:42]} Kxc5 {[%clk 0:00:13]} 58. Ke4 {[%clk 0:00:42]} Kb5 {[%clk
0:00:16]} 59. Kd5 {[%clk 0:00:47]} Kxa5 {[%clk 0:00:16]} 60. Ke6 {[%clk 0:00:49]}
b5 {[%clk 0:00:16]} 61. Kf7 {[%clk 0:00:49]} b4 {[%clk 0:00:19]} 62. Be1 {[%clk
0:00:54]} Kb5 {[%clk 0:00:21]} 63. Kg7 {[%clk 0:00:56]} Bf4 {[%clk 0:00:23]} 64.
Kxh7 {[%clk 0:00:58]} Bxg5 {[%clk 0:00:25]} 65. Kxg6 {[%clk 0:01:00]} b3 {[%clk
0:00:25]} 66. Bc3 {[%clk 0:01:01]} Bd2 {[%clk 0:00:27]} 67. Bb2 {[%clk 0:01:03]}
Kb4 {[%clk 0:00:30]} 68. Bc1 {[%clk 0:01:03]} 0-1

[Event "French Blitz Championship"]
[Site "portmarly2022.ffechecs.org"]
[Date "2022.05.28"]
[Round "8"]
[White "Mullon, Jean-Baptiste"]
[Black "Malikashgar, Hamid"]
[Result "1-0"]
[Board "8"]
[WhiteElo "2341"]
[WhiteTitle "IM"]
[WhiteCountry "FRA"]
[WhiteFideId "613606"]
[WhiteEloChange "2"]
[BlackElo "1733"]
[BlackCountry "FRA"]
[BlackFideId "551035367"]
[BlackEloChange "-2"]

1. e4 {[%clk 0:05:04]} d6 {[%clk 0:05:00]} 2. d4 {[%clk 0:05:04]} e5 {[%clk
0:04:57]} 3. Nf3 {[%clk 0:04:58]} Bg4 {[%clk 0:04:59]} 4. dxe5 {[%clk 0:04:52]}
Nc6 {[%clk 0:04:58]} 5. Bb5 {[%clk 0:04:50]} Bd7 {[%clk 0:04:59]} 6. Nc3 {[%clk
0:04:34]} a6 {[%clk 0:04:57]} 7. Bc4 {[%clk 0:04:22]} Bg4 {[%clk 0:04:51]} 8. Qd5
{[%clk 0:03:33]} Be6 {[%clk 0:04:38]} 9. Qd3 {[%clk 0:03:34]} Nb4 {[%clk
0:04:17]} 10. Qe2 {[%clk 0:02:45]} Bxc4 {[%clk 0:04:16]} 11. Qxc4 {[%clk
0:02:47]} Nxc2+ {[%clk 0:04:16]} 12. Ke2 {[%clk 0:02:47]} Nxa1 {[%clk 0:04:15]}
13. Bg5 {[%clk 0:02:40]} Qd7 {[%clk 0:04:15]} 14. Rxa1 {[%clk 0:02:38]} f6 {[%clk
0:03:57]} 15. exf6 {[%clk 0:02:32]} Nxf6 {[%clk 0:03:57]} 16. Bxf6 {[%clk
0:02:31]} gxf6 {[%clk 0:03:58]} 17. Nd5 {[%clk 0:02:31]} Kd8 {[%clk 0:03:32]} 18.
Nd4 {[%clk 0:01:56]} b5 {[%clk 0:01:35]} 19. Qc3 {[%clk 0:01:16]} c5 {[%clk
0:01:05]} 20. Qa5+ {[%clk 0:01:15]} Ke8 {[%clk 0:00:43]} 21. Nxf6+ {[%clk
0:01:16]} Ke7 {[%clk 0:00:44]} 22. Nxd7 {[%clk 0:01:15]} Kxd7 {[%clk 0:00:44]}
23. Qb6 {[%clk 0:01:13]} Rc8 {[%clk 0:00:38]} 24. Nf5 {[%clk 0:01:13]} Rc6 {[%clk
0:00:35]} 25. Qb7+ {[%clk 0:01:14]} Rc7 {[%clk 0:00:37]} 26. Qxa6 {[%clk
0:01:16]} Rg8 {[%clk 0:00:36]} 27. Qxb5+ {[%clk 0:01:17]} Ke6 {[%clk 0:00:36]}
28. Qc4+ {[%clk 0:01:18]} 1-0

[Event "French Blitz Championship"]
[Site "portmarly2022.ffechecs.org"]
[Date "2022.05.28"]
[Round "9"]
[White "Vlachos, Anatole"]
[Black "Guliyev, Namig"]
[Result "0-1"]
[Board "1"]
[WhiteElo "2361"]
[WhiteTitle "IM"]
[WhiteCountry "GRE"]
[WhiteFideId "26093189"]
[WhiteEloChange "-7"]
[BlackElo "2487"]
[BlackTitle "GM"]
[BlackCountry "AZE"]
[BlackFideId "13400363"]
[BlackEloChange "3"]

1. e4 {[%clk 0:05:03]} c5 {[%clk 0:05:05]} 2. Nf3 {[%clk 0:05:05]} d6 {[%clk
0:05:07]} 3. Bb5+ {[%clk 0:05:07]} Nc6 {[%clk 0:05:09]} 4. O-O {[%clk 0:05:07]}
Bd7 {[%clk 0:05:11]} 5. Re1 {[%clk 0:05:09]} a6 {[%clk 0:05:13]} 6. Bf1 {[%clk
0:05:11]} Bg4 {[%clk 0:05:14]} 7. h3 {[%clk 0:05:09]} Bxf3 {[%clk 0:05:15]} 8.
Qxf3 {[%clk 0:05:11]} g6 {[%clk 0:05:17]} 9. c3 {[%clk 0:05:10]} Bg7 {[%clk
0:05:18]} 10. d3 {[%clk 0:05:13]} Nf6 {[%clk 0:05:19]} 11. Be3 {[%clk 0:05:12]}
Nd7 {[%clk 0:05:20]} 12. Qd1 {[%clk 0:05:09]} O-O {[%clk 0:05:03]} 13. Nd2 {[%clk
0:05:11]} b5 {[%clk 0:05:00]} 14. Nf3 {[%clk 0:05:13]} e5 {[%clk 0:04:28]} 15. d4
{[%clk 0:05:14]} exd4 {[%clk 0:04:24]} 16. cxd4 {[%clk 0:05:16]} Re8 {[%clk
0:04:20]} 17. d5 {[%clk 0:04:49]} Ncb8 {[%clk 0:04:05]} 18. Qc2 {[%clk 0:04:26]}
Nb6 {[%clk 0:03:55]} 19. Rab1 {[%clk 0:03:15]} N8d7 {[%clk 0:03:51]} 20. Bf4
{[%clk 0:03:17]} Qc7 {[%clk 0:03:22]} 21. b3 {[%clk 0:03:08]} Ne5 {[%clk
0:03:07]} 22. Nxe5 {[%clk 0:03:09]} Bxe5 {[%clk 0:03:09]} 23. Bxe5 {[%clk
0:03:09]} Rxe5 {[%clk 0:03:00]} 24. f4 {[%clk 0:02:44]} Re7 {[%clk 0:03:01]} 25.
a4 {[%clk 0:02:40]} Rb8 {[%clk 0:02:33]} 26. axb5 {[%clk 0:02:37]} axb5 {[%clk
0:02:34]} 27. Ra1 {[%clk 0:01:52]} c4 {[%clk 0:02:26]} 28. bxc4 {[%clk 0:01:51]}
bxc4 {[%clk 0:02:27]} 29. Qf2 {[%clk 0:00:45]} Nd7 {[%clk 0:01:53]} 30. Rac1
{[%clk 0:00:40]} c3 {[%clk 0:01:48]} 31. Qd4 {[%clk 0:00:42]} Rb3 {[%clk
0:01:40]} 32. Re3 {[%clk 0:00:44]} Qc5 {[%clk 0:01:39]} 33. Qxc5 {[%clk 0:00:44]}
Nxc5 {[%clk 0:01:41]} 34. e5 {[%clk 0:00:44]} Na4 {[%clk 0:01:01]} 35. Bd3 {[%clk
0:00:46]} Rb4 {[%clk 0:01:01]} 36. g3 {[%clk 0:00:23]} Nb6 {[%clk 0:00:34]} 37.
Rxc3 {[%clk 0:00:17]} Nxd5 {[%clk 0:00:31]} 38. Rc8+ {[%clk 0:00:19]} Kg7 {[%clk
0:00:32]} 39. Rf3 {[%clk 0:00:06]} dxe5 {[%clk 0:00:31]} 40. fxe5 {[%clk
0:00:08]} Rxe5 {[%clk 0:00:32]} 41. Rc5 {[%clk 0:00:08]} Rb3 {[%clk 0:00:27]} 42.
Be2 {[%clk 0:00:06]} Rb1+ {[%clk 0:00:26]} 43. Bf1 {[%clk 0:00:09]} Rd1 {[%clk
0:00:25]} 44. g4 {[%clk 0:00:08]} g5 {[%clk 0:00:21]} 45. Ra5 {[%clk 0:00:10]} f6
{[%clk 0:00:16]} 46. Kf2 {[%clk 0:00:07]} Rd2+ {[%clk 0:00:17]} 47. Kg3 {[%clk
0:00:09]} Re7 {[%clk 0:00:16]} 48. h4 {[%clk 0:00:09]} h6 {[%clk 0:00:18]} 49.
hxg5 {[%clk 0:00:10]} hxg5 {[%clk 0:00:20]} 50. Raa3 {[%clk 0:00:05]} Nf4 {[%clk
0:00:20]} 51. Rae3 {[%clk 0:00:05]} Rc7 {[%clk 0:00:20]} 52. Re1 {[%clk 0:00:07]}
Rd8 {[%clk 0:00:21]} 53. Rfe3 {[%clk 0:00:08]} Kf7 {[%clk 0:00:21]} 54. Bg2
{[%clk 0:00:09]} Rd4 {[%clk 0:00:20]} 55. Bf3 {[%clk 0:00:07]} Rdc4 {[%clk
0:00:19]} 56. Re4 {[%clk 0:00:05]} Rxe4 {[%clk 0:00:20]} 57. Rxe4 {[%clk
0:00:05]} Rc3 {[%clk 0:00:20]} 58. Ra4 {[%clk 0:00:06]} Ng6 {[%clk 0:00:20]} 59.
Kf2 {[%clk 0:00:08]} Ne5 {[%clk 0:00:22]} 60. Be2 {[%clk 0:00:10]} Kg6 {[%clk
0:00:21]} 61. Rb4 {[%clk 0:00:12]} Rh3 {[%clk 0:00:22]} 62. Ra4 {[%clk 0:00:14]}
Rc3 {[%clk 0:00:23]} 63. Rb4 {[%clk 0:00:16]} Kf7 {[%clk 0:00:24]} 64. Ra4 {[%clk
0:00:19]} Ke6 {[%clk 0:00:26]} 65. Ra6+ {[%clk 0:00:21]} Ke7 {[%clk 0:00:27]} 66.
Ra7+ {[%clk 0:00:22]} Kd6 {[%clk 0:00:27]} 67. Ra6+ {[%clk 0:00:24]} Ke7 {[%clk
0:00:22]} 68. Ra7+ {[%clk 0:00:27]} Ke6 {[%clk 0:00:24]} 69. Ra6+ {[%clk
0:00:29]} Kf7 {[%clk 0:00:26]} 70. Ra7+ {[%clk 0:00:31]} Kg6 {[%clk 0:00:28]} 71.
Ra4 {[%clk 0:00:33]} Kh6 {[%clk 0:00:26]} 72. Ra6 {[%clk 0:00:35]} Kg7 {[%clk
0:00:28]} 73. Ra7+ {[%clk 0:00:37]} Kg6 {[%clk 0:00:29]} 74. Ra4 {[%clk 0:00:39]}
Rc7 {[%clk 0:00:31]} 75. Rb4 {[%clk 0:00:41]} Rd7 {[%clk 0:00:30]} 76. Ra4 {[%clk
0:00:43]} Rd6 {[%clk 0:00:30]} 77. Rb4 {[%clk 0:00:44]} Kf7 {[%clk 0:00:33]} 78.
Ra4 {[%clk 0:00:46]} Rb6 {[%clk 0:00:35]} 79. Rd4 {[%clk 0:00:46]} Ke6 {[%clk
0:00:35]} 80. Ra4 {[%clk 0:00:46]} Kd5 {[%clk 0:00:38]} 81. Bd1 {[%clk 0:00:31]}
Rb2+ {[%clk 0:00:37]} 82. Be2 {[%clk 0:00:30]} Nc6 {[%clk 0:00:39]} 83. Ke3
{[%clk 0:00:24]} Rb3+ {[%clk 0:00:35]} 84. Kf2 {[%clk 0:00:26]} Ke5 {[%clk
0:00:36]} 85. Bf3 {[%clk 0:00:21]} Nd4 {[%clk 0:00:36]} 86. Ra5+ {[%clk 0:00:22]}
Kf4 {[%clk 0:00:34]} 87. Bd1 {[%clk 0:00:22]} Rb2+ {[%clk 0:00:33]} 88. Ke1
{[%clk 0:00:24]} Rh2 {[%clk 0:00:33]} 89. Ra6 {[%clk 0:00:21]} Ke3 {[%clk
0:00:33]} 90. Rxf6 {[%clk 0:00:22]} Rh1+ {[%clk 0:00:14]} 91. Rf1 {[%clk
0:00:24]} Rh6 {[%clk 0:00:16]} 92. Rf8 {[%clk 0:00:25]} Ne6 {[%clk 0:00:18]} 93.
Rf5 {[%clk 0:00:22]} Rh1+ {[%clk 0:00:13]} 94. Rf1 {[%clk 0:00:25]} Rh6 {[%clk
0:00:14]} 95. Rf5 {[%clk 0:00:27]} Nf4 {[%clk 0:00:14]} 96. Re5+ {[%clk 0:00:26]}
Kd4 {[%clk 0:00:14]} 97. Rxg5 {[%clk 0:00:22]} Nd3+ {[%clk 0:00:14]} 98. Kf1
{[%clk 0:00:20]} Rh1+ {[%clk 0:00:16]} 99. Kg2 {[%clk 0:00:08]} Rxd1 {[%clk
0:00:16]} 100. Rg8 {[%clk 0:00:09]} Ke4 {[%clk 0:00:17]} 101. g5 {[%clk 0:00:09]}
Nf4+ {[%clk 0:00:18]} 102. Kf2 {[%clk 0:00:10]} Nd3+ {[%clk 0:00:17]} 103. Ke2
{[%clk 0:00:11]} Rg1 {[%clk 0:00:12]} 104. Re8+ {[%clk 0:00:11]} Ne5 {[%clk
0:00:14]} 105. g6 {[%clk 0:00:12]} Rxg6 {[%clk 0:00:15]} 106. Ra8 {[%clk
0:00:12]} Rg2+ {[%clk 0:00:17]} 107. Kf1 {[%clk 0:00:13]} Rc2 {[%clk 0:00:17]}
108. Rh8 {[%clk 0:00:11]} Nd3 {[%clk 0:00:19]} 109. Ra8 {[%clk 0:00:10]} Ke3
{[%clk 0:00:19]} 110. Re8+ {[%clk 0:00:10]} Kf3 {[%clk 0:00:21]} 111. Kg1 {[%clk
0:00:12]} Rc1+ {[%clk 0:00:21]} 112. Kh2 {[%clk 0:00:12]} Nf4 {[%clk 0:00:22]}
113. Ra8 {[%clk 0:00:15]} Rc2+ {[%clk 0:00:20]} 114. Kg1 {[%clk 0:00:17]} Rd2
{[%clk 0:00:21]} 115. Ra3+ {[%clk 0:00:17]} Nd3 {[%clk 0:00:22]} 116. Ra8 {[%clk
0:00:19]} Rd1+ {[%clk 0:00:20]} 117. Kh2 {[%clk 0:00:22]} Re1 {[%clk 0:00:19]}
118. Rf8+ {[%clk 0:00:19]} Nf4 {[%clk 0:00:20]} 119. Ra8 {[%clk 0:00:21]} Re2+
{[%clk 0:00:20]} 120. Kg1 {[%clk 0:00:15]} Re3 {[%clk 0:00:20]} 121. Kh2 {[%clk
0:00:15]} Rc3 {[%clk 0:00:22]} 122. Rb8 {[%clk 0:00:15]} Rc2+ {[%clk 0:00:19]}
123. Kg1 {[%clk 0:00:17]} Ne2+ {[%clk 0:00:17]} 124. Kh2 {[%clk 0:00:16]} Rc6
{[%clk 0:00:18]} 125. Rb3+ {[%clk 0:00:13]} Kf2 {[%clk 0:00:19]} 126. Kh3 {[%clk
0:00:14]} Nd4 {[%clk 0:00:18]} 127. Rb8 {[%clk 0:00:14]} Rg6 {[%clk 0:00:16]}
128. Rf8+ {[%clk 0:00:15]} Nf3 {[%clk 0:00:17]} 129. Rg8 {[%clk 0:00:14]} Ng1+
{[%clk 0:00:18]} 0-1

[Event "French Blitz Championship"]
[Site "portmarly2022.ffechecs.org"]
[Date "2022.05.28"]
[Round "9"]
[White "Mirimanian, Hayk"]
[Black "Lagarde, Maxime"]
[Result "0-1"]
[Board "2"]
[WhiteElo "2247"]
[WhiteTitle "FM"]
[WhiteCountry "FRA"]
[WhiteFideId "4700180"]
[WhiteEloChange "-2"]
[BlackElo "2622"]
[BlackTitle "GM"]
[BlackCountry "FRA"]
[BlackFideId "662399"]
[BlackEloChange "1"]

1. e4 {[%clk 0:05:05]} c5 {[%clk 0:05:05]} 2. Nf3 {[%clk 0:05:07]} Nc6 {[%clk
0:05:07]} 3. Bb5 {[%clk 0:05:08]} e6 {[%clk 0:05:10]} 4. Bxc6 {[%clk 0:05:05]}
bxc6 {[%clk 0:05:10]} 5. d3 {[%clk 0:05:02]} f6 {[%clk 0:05:09]} 6. Qe2 {[%clk
0:05:00]} Ne7 {[%clk 0:04:35]} 7. h4 {[%clk 0:05:00]} e5 {[%clk 0:04:24]} 8. h5
{[%clk 0:04:40]} d6 {[%clk 0:04:18]} 9. Nbd2 {[%clk 0:03:51]} a5 {[%clk 0:04:17]}
10. a4 {[%clk 0:03:50]} Be6 {[%clk 0:04:12]} 11. Nf1 {[%clk 0:03:50]} d5 {[%clk
0:03:55]} 12. Ng3 {[%clk 0:03:23]} Nc8 {[%clk 0:03:55]} 13. Nh4 {[%clk 0:03:16]}
Nd6 {[%clk 0:03:37]} 14. b3 {[%clk 0:03:07]} Qd7 {[%clk 0:02:45]} 15. Be3 {[%clk
0:02:58]} c4 {[%clk 0:02:34]} 16. bxc4 {[%clk 0:03:01]} dxe4 {[%clk 0:02:26]} 17.
c5 {[%clk 0:01:41]} exd3 {[%clk 0:02:24]} 18. cxd3 {[%clk 0:01:44]} Nf7 {[%clk
0:01:59]} 19. O-O {[%clk 0:00:57]} f5 {[%clk 0:01:53]} 20. f4 {[%clk 0:00:50]}
Be7 {[%clk 0:01:55]} 21. Nf3 {[%clk 0:00:32]} Rd8 {[%clk 0:01:46]} 22. Rad1
{[%clk 0:00:24]} O-O {[%clk 0:01:46]} 23. Nxe5 {[%clk 0:00:22]} Nxe5 {[%clk
0:01:45]} 24. fxe5 {[%clk 0:00:24]} f4 {[%clk 0:01:35]} 25. Rxf4 {[%clk 0:00:26]}
Rxf4 {[%clk 0:01:37]} 26. Bxf4 {[%clk 0:00:28]} Bg4 {[%clk 0:01:39]} 27. Qa2+
{[%clk 0:00:30]} Kh8 {[%clk 0:01:38]} 28. Rd2 {[%clk 0:00:05]} Qd4+ {[%clk
0:01:33]} 29. Rf2 {[%clk 0:00:06]} Bxc5 {[%clk 0:01:24]} 30. Ne4 {[%clk 0:00:08]}
Ba7 {[%clk 0:01:19]} 31. Kh2 {[%clk 0:00:11]} Qd5 {[%clk 0:01:10]} 32. Qxd5
{[%clk 0:00:11]} cxd5 {[%clk 0:01:12]} 33. Ng5 {[%clk 0:00:13]} Rf8 {[%clk
0:01:00]} 34. Rf1 {[%clk 0:00:12]} h6 {[%clk 0:01:01]} 35. Nh3 {[%clk 0:00:10]}
Bxh5 {[%clk 0:00:53]} 36. Rc1 {[%clk 0:00:11]} Bg4 {[%clk 0:00:42]} 37. Bg3
{[%clk 0:00:13]} Bd4 {[%clk 0:00:31]} 38. Nf4 {[%clk 0:00:14]} Kh7 {[%clk
0:00:27]} 39. Nxd5 {[%clk 0:00:13]} Rd8 {[%clk 0:00:27]} 40. Ne7 {[%clk 0:00:13]}
Bd7 {[%clk 0:00:09]} 41. Nc6 {[%clk 0:00:17]} Rc8 {[%clk 0:00:12]} 42. Nxd4
{[%clk 0:00:14]} Rxc1 {[%clk 0:00:13]} 43. e6 {[%clk 0:00:16]} Bxa4 {[%clk
0:00:15]} 44. Nf5 {[%clk 0:00:17]} Rd1 {[%clk 0:00:07]} 45. d4 {[%clk 0:00:18]}
Bb5 {[%clk 0:00:09]} 46. e7 {[%clk 0:00:16]} a4 {[%clk 0:00:09]} 47. Nd6 {[%clk
0:00:18]} Bd7 {[%clk 0:00:11]} 48. e8=Q {[%clk 0:00:18]} Bxe8 {[%clk 0:00:13]}
49. Nxe8 {[%clk 0:00:21]} a3 {[%clk 0:00:15]} 50. Be5 {[%clk 0:00:16]} a2 {[%clk
0:00:16]} 51. d5 {[%clk 0:00:18]} Re1 {[%clk 0:00:18]} 52. d6 {[%clk 0:00:17]}
Rxe5 {[%clk 0:00:20]} 53. d7 {[%clk 0:00:20]} Rd5 {[%clk 0:00:21]} 0-1

[Event "French Blitz Championship"]
[Site "portmarly2022.ffechecs.org"]
[Date "2022.05.28"]
[Round "9"]
[White "Sochacki, Christophe"]
[Black "Mullon, Jean-Baptiste"]
[Result "1-0"]
[Board "3"]
[WhiteElo "2480"]
[WhiteTitle "GM"]
[WhiteCountry "FRA"]
[WhiteFideId "662569"]
[WhiteEloChange "3"]
[BlackElo "2341"]
[BlackTitle "IM"]
[BlackCountry "FRA"]
[BlackFideId "613606"]
[BlackEloChange "-6"]

1. b3 {[%clk 0:05:05]} e5 {[%clk 0:04:59]} 2. Bb2 {[%clk 0:05:07]} Nc6 {[%clk
0:04:59]} 3. e3 {[%clk 0:05:07]} Nf6 {[%clk 0:05:02]} 4. Bb5 {[%clk 0:05:10]} Bd6
{[%clk 0:05:01]} 5. Na3 {[%clk 0:05:12]} a6 {[%clk 0:05:02]} 6. Bxc6 {[%clk
0:05:12]} dxc6 {[%clk 0:05:03]} 7. Nc4 {[%clk 0:05:14]} Qe7 {[%clk 0:05:04]} 8.
Ne2 {[%clk 0:04:48]} Bd7 {[%clk 0:05:03]} 9. d4 {[%clk 0:04:45]} exd4 {[%clk
0:05:00]} 10. Nxd6+ {[%clk 0:04:19]} cxd6 {[%clk 0:04:50]} 11. Qxd4 {[%clk
0:04:20]} O-O {[%clk 0:03:29]} 12. O-O-O {[%clk 0:03:39]} d5 {[%clk 0:03:09]} 13.
Qh4 {[%clk 0:03:40]} Rfe8 {[%clk 0:02:44]} 14. Bxf6 {[%clk 0:03:28]} Qxf6 {[%clk
0:02:42]} 15. Qxf6 {[%clk 0:03:29]} gxf6 {[%clk 0:02:44]} 16. Nf4 {[%clk
0:03:27]} Re5 {[%clk 0:02:11]} 17. Rd4 {[%clk 0:03:12]} a5 {[%clk 0:01:53]} 18.
Rhd1 {[%clk 0:03:09]} Bg4 {[%clk 0:01:44]} 19. R1d2 {[%clk 0:03:02]} Be6 {[%clk
0:01:34]} 20. h4 {[%clk 0:02:41]} Kf8 {[%clk 0:01:32]} 21. Kb2 {[%clk 0:01:47]}
Ke7 {[%clk 0:01:26]} 22. Nd3 {[%clk 0:01:46]} Rf5 {[%clk 0:01:27]} 23. g3 {[%clk
0:01:46]} b6 {[%clk 0:01:15]} 24. Nf4 {[%clk 0:01:26]} Re5 {[%clk 0:00:52]} 25.
c4 {[%clk 0:01:27]} dxc4 {[%clk 0:00:36]} 26. Nxe6 {[%clk 0:01:29]} Kxe6 {[%clk
0:00:34]} 27. Rd6+ {[%clk 0:01:28]} Kf5 {[%clk 0:00:32]} 28. Rxc6 {[%clk
0:01:18]} cxb3 {[%clk 0:00:29]} 29. axb3 {[%clk 0:01:16]} b5 {[%clk 0:00:25]} 30.
Rd4 {[%clk 0:01:16]} Re4 {[%clk 0:00:08]} 31. g4+ {[%clk 0:01:07]} 1-0

[Event "French Blitz Championship"]
[Site "portmarly2022.ffechecs.org"]
[Date "2022.05.28"]
[Round "9"]
[White "Dionisi, Thomas"]
[Black "Bellahcene, Bilel"]
[Result "1-0"]
[Board "4"]
[WhiteElo "2326"]
[WhiteTitle "IM"]
[WhiteCountry "FRA"]
[WhiteFideId "651893"]
[WhiteEloChange "16"]
[BlackElo "2562"]
[BlackTitle "GM"]
[BlackCountry "ALG"]
[BlackFideId "696358"]
[BlackEloChange "-8"]

1. e4 {[%clk 0:05:04]} c5 {[%clk 0:05:06]} 2. Nf3 {[%clk 0:05:05]} e6 {[%clk
0:05:08]} 3. d4 {[%clk 0:05:01]} cxd4 {[%clk 0:05:10]} 4. Nxd4 {[%clk 0:05:03]}
Nf6 {[%clk 0:05:12]} 5. Nc3 {[%clk 0:05:03]} Nc6 {[%clk 0:05:15]} 6. Be2 {[%clk
0:04:59]} Be7 {[%clk 0:05:15]} 7. O-O {[%clk 0:04:56]} O-O {[%clk 0:05:17]} 8.
Nxc6 {[%clk 0:04:15]} bxc6 {[%clk 0:05:18]} 9. e5 {[%clk 0:04:18]} Nd5 {[%clk
0:05:20]} 10. Ne4 {[%clk 0:03:58]} Qc7 {[%clk 0:05:17]} 11. Nd6 {[%clk 0:03:44]}
c5 {[%clk 0:04:43]} 12. Bf3 {[%clk 0:03:22]} Rb8 {[%clk 0:02:16]} 13. Bxd5 {[%clk
0:03:24]} exd5 {[%clk 0:02:18]} 14. Qxd5 {[%clk 0:03:25]} Bxd6 {[%clk 0:02:18]}
15. exd6 {[%clk 0:03:07]} Qb6 {[%clk 0:02:21]} 16. b3 {[%clk 0:02:24]} Bb7 {[%clk
0:02:22]} 17. Qd3 {[%clk 0:02:18]} c4 {[%clk 0:02:12]} 18. Qg3 {[%clk 0:02:06]}
Be4 {[%clk 0:01:56]} 19. Be3 {[%clk 0:01:47]} Qb7 {[%clk 0:01:45]} 20. Bd4 {[%clk
0:01:44]} f6 {[%clk 0:01:38]} 21. bxc4 {[%clk 0:01:35]} Bxc2 {[%clk 0:01:37]} 22.
h4 {[%clk 0:01:33]} Qe4 {[%clk 0:01:27]} 23. Bxa7 {[%clk 0:01:33]} Ra8 {[%clk
0:01:27]} 24. Rfe1 {[%clk 0:01:18]} Qxc4 {[%clk 0:01:28]} 25. Re7 {[%clk
0:01:03]} Rf7 {[%clk 0:01:30]} 26. Be3 {[%clk 0:00:25]} Bg6 {[%clk 0:00:40]} 27.
Rc1 {[%clk 0:00:22]} Qxa2 {[%clk 0:00:43]} 28. Qg4 {[%clk 0:00:14]} Rxe7 {[%clk
0:00:29]} 29. dxe7 {[%clk 0:00:16]} Qe6 {[%clk 0:00:31]} 30. Qb4 {[%clk 0:00:07]}
Re8 {[%clk 0:00:29]} 31. Bc5 {[%clk 0:00:08]} Bf7 {[%clk 0:00:19]} 32. Re1 {[%clk
0:00:09]} Qc6 {[%clk 0:00:19]} 33. Bd6 {[%clk 0:00:10]} Be6 {[%clk 0:00:16]} 34.
Qf4 {[%clk 0:00:11]} Qd5 {[%clk 0:00:16]} 35. Kh2 {[%clk 0:00:12]} Kf7 {[%clk
0:00:18]} 36. Re3 {[%clk 0:00:10]} Rc8 {[%clk 0:00:17]} 37. Rg3 {[%clk 0:00:07]}
Rg8 {[%clk 0:00:19]} 38. Re3 {[%clk 0:00:05]} h6 {[%clk 0:00:15]} 39. Rg3 {[%clk
0:00:07]} g5 {[%clk 0:00:16]} 40. Qb4 {[%clk 0:00:07]} Rc8 {[%clk 0:00:15]} 41.
Rf3 {[%clk 0:00:06]} Rc4 {[%clk 0:00:15]} 42. Qb1 {[%clk 0:00:05]} Rxh4+ {[%clk
0:00:13]} 43. Kg1 {[%clk 0:00:08]} Qxd6 {[%clk 0:00:04]} 44. Qh7+ {[%clk
0:00:08]} Ke8 {[%clk 0:00:04]} 45. Qh8+ {[%clk 0:00:07]} Kxe7 {[%clk 0:00:08]}
46. Qxf6+ {[%clk 0:00:09]} Ke8 {[%clk 0:00:06]} 47. Qh8+ {[%clk 0:00:10]} Ke7
{[%clk 0:00:08]} 48. Qf8# {[%clk 0:00:13]} 1-0